Qui est-ce version combattant à l'UFC - Statistiques

Statistiques générales
  • Ce quiz a été pris 29 fois
  • Le résultat moyen est 7 sur 15
Statistiques - réponses
Par images Réponse % Correct
Michael Bisping
88%
Roman Dolidze
67%
Zabit Magomedsharipov
63%
Ateba Gautier
58%
Dan Ige
58%
Ante Delija
54%
Glover Teixeira
54%
Ismael Bonfim
50%
Volkan Oezdemir
50%
Cheick Kongo
46%
Donald Cerrone
46%
Jim Miller
46%
Dominick Cruz
42%
Nate Landwehr
13%
Mikhael Bensimon (Mikhael MMA)
8%
Aucun quiz correspondant
Distribution des résultats
% des personnes avec chaque résultat
Percentile par nombre de réponses
Votre historique - résultats
Vous n’avez pas pris ce quiz